Toutes les équipes ayant été en demies de l'UEFA Champions League - Statistiques

Statistiques générales
  • Ce quiz a été pris 125 fois
  • Le résultat moyen est 28 sur 32
Statistiques - réponses
Fédération Club % Correct
Allemagne Bayer Leverkusen
99%
Allemagne Borussia Dortmund
98%
Espagne Real Madrid
98%
Espagne FC Barcelone
97%
Angleterre Manchester City
96%
Angleterre Manchester United
96%
France Olympique de Marseille
96%
France Olympique lyonnais
96%
France Paris Saint-Germain
96%
Italie AC Milan
95%
Pays-Bas Ajax Amsterdam
95%
Angleterre Chelsea
95%
Portugal FC Porto
95%
Italie Inter Milan
95%
Angleterre Liverpool FC
95%
Allemagne Bayern Munich
94%
Italie Juventus Turin
94%
Angleterre Arsenal
93%
Espagne Atletico Madrid
92%
Pays-Bas PSV Eindhoven
91%
Angleterre Tottenham
91%
France AS Monaco
90%
Espagne Valence CF
88%
Italie AS Roma
82%
France FC Nantes
74%
Espagne Villareal CF
72%
Allemagne RB Leipzig
69%
Grèce Panathinaikos
67%
Allemagne Schalke 04
65%
Ukraine Dynamo Kiev
64%
Espagne Deportivo La Corogne
61%
Angleterre Leeds United
49%
Aucun quiz correspondant
Distribution des résultats
% des personnes avec chaque résultat
Percentile par nombre de réponses
Votre historique - résultats
Vous n’avez pas pris ce quiz